|
|
|
|
| LEADER |
00693cam a2200241 7i4500 |
| 001 |
0000036768 |
| 005 |
20220428090000.0 |
| 007 |
ta |
| 008 |
220217s2018 may |
| 020 |
|
|
|a 9789672185154
|
| 040 |
|
|
|a MATR
|
| 090 |
0 |
0 |
|a FM 899.2333
|b QAS
|
| 100 |
0 |
|
|a Qash Irdina
|e author
|
| 245 |
1 |
0 |
|a Tq Kapten!
|c Qash Irdina.
|
| 264 |
|
0 |
|a Kuala Lumpur:
|b Love Novel Publishing,
|c 2018.
|
| 300 |
|
|
|a 450 pages;
|c 19 cm.
|
| 336 |
|
|
|a text
|2 rdacontent
|
| 337 |
|
|
|a unmediated
|2 rdamedia
|
| 338 |
|
|
|a volume
|2 rdacarrier
|
| 500 |
|
|
|a Screen adaption
|
| 650 |
0 |
0 |
|a Malay fiction
|
| 650 |
0 |
0 |
|a Malaysian fiction (Malay)
|
| 999 |
|
|
|a B000041676
|b Book
|c Book
|e Business Information Centre
|